Statistics for Red Hot Chili Peppers - Scar Tissue Lyrics

Click here to take the quiz!

General Stats

  • This quiz has been taken 110 times
  • The average score is 181 of 236

Answer Stats

Answer% Correct
A
100%
a
100%
i
100%
I
100%
Scar
97%
scar
97%
Tissue
96%
tissue
96%
You
96%
you
96%
that
94%
That
94%
the
94%
The
94%
wish
94%
Wish
94%
Saw
93%
saw
93%
with
93%
With
93%
all
91%
All
91%
it
91%
It
91%
birds
88%
Birds
88%
know
88%
Know
88%
lonely
88%
Lonely
88%
share
88%
Share
88%
view
86%
View
86%
mister
83%
Mister
83%
this
83%
This
83%
I'll
81%
i'll
81%
and
80%
And
80%
kiss
80%
Kiss
80%
your
78%
Your
78%
'cause
74%
Cause
74%
'Cause
74%
cause
74%
close
72%
Close
72%
eyes
72%
Eyes
72%
In
71%
in
71%
sarcastic
68%
Sarcastic
68%
Up
67%
Bra
65%
girl
65%
Girl
65%
Push
65%
to
64%
To
64%
Me
62%
Against
59%
Wall
58%
Push-up
55%
Young
54%
Kentucky
46%
Heart
42%
Myself
42%
Over
41%
broken
39%
fall
39%
ma
39%
bathroom
36%
scarlet
36%
jaw
35%
Blood
33%
brawl
33%
but
33%
Fallin'
33%
Health
33%
Lick
33%
not
33%
pa
33%
southern
33%
we
33%
goodbye
32%
outside
32%
stall
32%
drawl
30%
spoken
30%
Taste
30%
loss
29%
soft
29%
wave
29%
step
28%
sweet
23%
call
22%
have
22%
moon
22%
autumn's
20%
make
20%
if
17%
crawl
13%
this lonely
0%

Score Distribution

Percentile by Number Answered

Percent of People with Each Score

Your Score History

You have not taken this quiz